000 00525nam a2200217Ia 4500
003 OSt
005 20220924134334.0
006 a|||||r|||| 00| 0
007 ta
008 220923b |||||||| |||| 00| 0 snd d
024 _a273529
037 _cTextual
040 _aARTS
_cARTS
_bsnd
041 _2snd
_asnd
082 _aP1593:9, K7
100 _aJouo Ibrahim
_9208379
245 0 _aSindhi Perhokateb
260 _c1967
942 _hP1593:9, K7
_cTEXL
_2CC
999 _c437091
_d437091